000 01526nam a2200385 i 4500
003 EG-GICUC
005 20260121101648.0
008 260105s2012 ua ||||fr|||| 000 0 ara d
017 _a2012/5873
020 _a978-977-379-208-3
040 _a EG-GICUC
_bara
_c EG-GICUC
_d EG-GICUC
_erda
041 _aara
082 0 4 _221
_a345.2
_bب ل . ا
092 0 4 _221
099 _aLaw1 07 345.2 ب ل . ا 1 ed - 2012
100 0 _aبلال امين زين الدين
_eمؤلف.
245 1 0 _aاعادة هيكلة الجهاز الاداري للدولة في اطار الواقع الدولي المعاصر :
_bدراسة قانونية اجتماعية مقارنة /
_cالاستاذ بلال امين زين الدين.
250 _aالطبعة الاولى
264 1 _aالإسكندرية :
_bدار الفكر الجامعي,
_c2012.
300 _a544 صفحة ؛
_c24 سم
336 _2rda content
_atext
337 _2rda media
_aComputer
338 _2rda carrier
_aOnline Resource
504 _a. 540-535 ببليوجرافيا: صفحات.
546 _aالنص باللغة العربية
650 1 4 _aالتنظيم الإداري
_2qrmak
650 1 4 _aأنواع القرارات الإدارية
650 1 4 _aانواع المرافق العامة
650 1 4 _aاللامركزية الإدارية
650 1 4 _aمبدا طاعة الرؤساء
651 1 _2qrmak
856 4 0 _uhttps://fll.law.cu.edu.eg/fulltext/bks/B07-02117.pdf
905 _a79
942 _2ddc
_cBK
_e21
_n0
999 _c54558
_d54558